Current medical diagnosis & treatment, 1996

Designed to answer questions in everyday clinical practice, this work covers all apects of primary care, including gynaecology, obstetrics, urology, dermatology, psychiatry, neurology, otolaryngology, ophthalmology and nutrition. Drug information and bibliographies have been updated.

Đã lưu trong:
Sonraí Bibleagrafaíochta
Formáid: Leabhar
Teanga:Undetermined
Foilsithe: Stamford, CT Appleton & Lange 1996
Ábhair:
Clibeanna: Cuir Clib Leis
Gan Chlibeanna, Bí ar an gcéad duine leis an taifead seo a chlibeáil!
Thư viện lưu trữ: Trung tâm Học liệu Trường Đại học Cần Thơ
LEADER 00832nam a2200181Ia 4500
001 CTU_187119
008 210402s9999 xx 000 0 und d
082 |a 616.075 
082 |b C976 
245 0 |a Current medical diagnosis & treatment, 1996 
245 0 |c Edited by Lawrence M. Tierney, Stephen J. McPhee, Maxine A. Papadakis 
260 |a Stamford, CT 
260 |b Appleton & Lange 
260 |c 1996 
520 |a Designed to answer questions in everyday clinical practice, this work covers all apects of primary care, including gynaecology, obstetrics, urology, dermatology, psychiatry, neurology, otolaryngology, ophthalmology and nutrition. Drug information and bibliographies have been updated. 
650 |a Diagnosis,Phép chẩn đoán 
910 |a Hải 
980 |a Trung tâm Học liệu Trường Đại học Cần Thơ